02756aam a2200349 i 4500001001000000003001000010005001700020007001200037008004000049020003500089040001400124041000800138082000800146100004200154245016400196264004400360264001100404300001800415336002700433337003100460338002700491490002800518505016400546505017700710505019900887506006701086520093001153563001402083630006702097650001802164856022402182768714001CO-MdFUSB20240416173416.0cr aa uaaaa240416t2010 sp |||| |||| 00| 0 spa d a9788497634045q[electrónico] cCO-MdFUSB0 aspa04a270 aFernández Urresti, Mariano, eautor13aLa cara oculta de Jesús :blos mitos egipcios y María Magdalena, su origen esenio y el enigma de Rénnes-le-Châteauc/ Ángel Aparicioh[electrónico] 1bNowtilus, aMadrid, España : c[2010] 4c©2010 a100 páginas 2rdacontentatextobtxt 2rdamediaainformáticobc 2rdacarrieraremotobcr aInvestigación Abierta tPrimera parte: Jesús y los egipcios: aEl mito de Isis y Osiris. -- Los evangelios y los mitos egipcios. -- Jesús y María Magdalena ante el mito egipcio  tSegunda parte: Jesús y los esenios: aEl descubrimiento de los rollos. -- El consenso del equipo internacional. -- Los rollos del Mar Muerto. -- Jesús y los esenios.  tTercera parte: Jesús y Rénnes-le-Château:aEl pueblo más misterioso del mundo. -- François Bérenger Saunière y su inquietante hallazgo. -- ¿Qué tesoro? -- ¿La tumba de Jesús? aSolicitar clave y usuario para acceder al libro electrónico. a. La cara oculta de Jesús rastrea por los textos históricos, los evangelios canónicos y los evangelios apócrifos para mostrarnos el rastro histórico de la polémica vida del hijo de Dios. Viendo y cotejando estos textos, a través del estilo del autor conoceremos la vinculación de Jesús con las doctrinas esenias o los paralelismos que existen entre figuras del dogma cristiano como la Santísima Trinidad con Isis, Osiris y Horus y los misterios de la mitología egipcia. Mariano Fernández Urresti profundiza en tres aspectos esenciales de la vida de Jesús, tres aspectos sobre los que la Iglesia no ha querido informar: sus años junto a María en Egipto, su vinculación, a través de su primo Juan Bautista, con los esenios y las misteriosas excavaciones en Rènnes-le-Château en las que el sacerdote Bérenger Sauniére encontró algo que le convirtió en una persona inmensamente rica. aRústica07aBiblia.pAntiguo TestamentoxCrítica, interpretación, etc. 7aCristología b1879167uhttps://web.p.ebscohost.com/ehost/detail/detail?vid=32&sid=f515e641-face-4d34-a4fc-915c33aac769%40redis&bdata=Jmxhbmc9ZXMmc2l0ZT1laG9zdC1saXZl#AN=1879167&db=nlebkzAbrir Versión electrónica del libro AQUÏ